<?xml version="1.0" encoding="UTF-8"?>
<collection xmlns="http://www.loc.gov/MARC21/slim">
<record>
  <controlfield tag="001">238347</controlfield>
  <controlfield tag="005">20230311173040.0</controlfield>
  <datafield tag="150" ind1=" " ind2=" ">
    <subfield code="a">Verbundvorhaben Carbon2Chem-L4: SynAlk - Teilprojekt "Herstellung von C2+-Alkoholen auf Basis von H2, CO und CO2 aus Kuppelgasen"</subfield>
    <subfield code="y">2016-06-01 - 2020-05-31</subfield>
  </datafield>
  <datafield tag="856" ind1="4" ind2=" ">
    <subfield code="u">https://foerderportal.bund.de/foekat/jsp/SucheAction.do?actionMode=view=03EK3041D</subfield>
    <subfield code="y">Homepage</subfield>
  </datafield>
  <datafield tag="909" ind1="C" ind2="O">
    <subfield code="o">oai:juser.fz-juelich.de:893169</subfield>
    <subfield code="p">authority:GRANT</subfield>
    <subfield code="p">authority</subfield>
  </datafield>
  <datafield tag="980" ind1=" " ind2=" ">
    <subfield code="a">G</subfield>
  </datafield>
  <datafield tag="980" ind1=" " ind2=" ">
    <subfield code="a">AUTHORITY</subfield>
  </datafield>
  <datafield tag="024" ind1="7" ind2=" ">
    <subfield code="2">I:(DE-82)154110_20140620</subfield>
    <subfield code="a">G:(DE-82)BMBF-03EK3041D</subfield>
    <subfield code="d">BMBF-03EK3041D</subfield>
  </datafield>
  <datafield tag="371" ind1=" " ind2=" ">
    <subfield code="0">P:(DE-82)IDM03519</subfield>
    <subfield code="a">Leitner, Walter</subfield>
    <subfield code="s">20160601</subfield>
    <subfield code="t">20200531</subfield>
  </datafield>
  <datafield tag="450" ind1=" " ind2=" ">
    <subfield code="a">BMBF 03EK3041D</subfield>
    <subfield code="w">d</subfield>
    <subfield code="y">2016-06-01 - 2020-05-31</subfield>
  </datafield>
  <datafield tag="510" ind1="1" ind2=" ">
    <subfield code="0">I:(DE-588b)5309538-8</subfield>
    <subfield code="a">Bundesministerium für Bildung und Forschung</subfield>
    <subfield code="b">BMBF</subfield>
  </datafield>
  <datafield tag="035" ind1=" " ind2=" ">
    <subfield code="a">G:(DE-82)BMBF-03EK3041D</subfield>
  </datafield>
  <datafield tag="909" ind1="C" ind2="O">
    <subfield code="o">oai:juser.fz-juelich.de:893169</subfield>
  </datafield>
</record>
</collection>